00369 a2200121 4500245015000000100002200150700001900172700001800191260000900209300001100218035000900229035000900238 aMédecine traditionnelle et pharmacopée : contributions aux études ethnobotaniques et floristiques au Mali : rapport présenté à l'ACCT aAdjanogoun, E. J. aAké Assi, L. aFloret, J. J. c1979 a291 p. a5030 a9553